Svetová banka nie je diktátor "s privatizáciou bánk na Slovensku sa spája mnoho mýtov," tvrdí Ingrid Brocková, zástupkyňa Svetovej banky na Slovensku

Bibliographic Details
Main Authors: Bačišin, Vladimír, 1963- (Author, Interviewer), Brocková, Ingrid, 1963- (Author)
Format: Article
Language:Slovak
PhysicalDescription:Fotogr.
ISSN:1335-4620
Subjects:

MARC

LEADER 00000nab a2200000 a 4500
001 vtls000883053
003 SK-MaSNL
005 20260426103047.0
008 041109c2004 xo wr|p|||||||000 b|slo
015 |a SNBRx2004/11  |2 snkbucl 
038 |a SNKBUCL 
040 |a SNKBUCL  |b slo  |c SNKBUCL  |e AACR2 
041 0 |a slo 
044 |a xo  |c SK 
080 |a 339.732(100):338.2(437.6)  |2 UDC-MRF-SK2 
080 |a 338.2(437.6)  |2 UDC-MRF-SK2 
100 1 |a Bačišin, Vladimír,  |d 1963-  |4 aut  |4 ivr  |9 52522 
245 1 0 |a Svetová banka nie je diktátor  |b "s privatizáciou bánk na Slovensku sa spája mnoho mýtov," tvrdí Ingrid Brocková, zástupkyňa Svetovej banky na Slovensku  |c [zhováral sa] Vladimír Bačišin 
300 |b Fotogr. 
610 2 7 |a Svetová banka  |2 SNKKA  |9 34683 
650 0 7 |a ekonomika  |2 SNKPH  |9 789 
651 7 |a Slovensko  |2 SNKPHgeo  |9 14231 
655 7 |a podpora  |2 snkbucl  |9 1594221 
700 1 |a Brocková, Ingrid,  |d 1963-  |4 aut  |4 ive  |9 17568 
773 0 |t Profit  |g Č. 41-42 (2004), s. 36-38  |x 1335-4620 
852 |a SNK  |b KIS3GCP 
999 |c 3274539  |d 3276469